000 00524nmm a2200169Ia 4500
008 251105s9999||||xx |||||||||||||||||und||
020 _a8497425642
041 _aspa
100 _aSolozabal, Juan Jose
245 0 _aTiempo de reformas. :
_b El Estado autonómico en cuestión.
264 _a[Madrid, España] :
_bBiblioteca Nueva,
_c2006
300 _a442 páginas
490 _aEnsayo Biblioteca Nueva
650 _aPolitical Science (General)
856 _uhttps://public.digitaliapublishing.com/a/5331
942 _cCF
999 _c74229
_d74229